| 000 | 00522nam a22001937a 4500 | ||
|---|---|---|---|
| 003 | KOHA_MİRAKIL | ||
| 005 | 20240930101039.0 | ||
| 008 | 240929b1999 tu ||||| |||| 00| 0 tur d | ||
| 020 | _a9755332618 | ||
| 040 |
_aTR-AnABB _btur _cTR-AnABB |
||
| 041 | _atur | ||
| 082 |
_a823.914 _bROB 1999 |
||
| 100 | _aRoberts, Michele. | ||
| 245 | 0 |
_aEvin kızları / _cMichele Roberts. |
|
| 260 |
_aAnkara : _bİmge Yayınları, _c1999. |
||
| 300 |
_a286 sayfa ; _c20 cm. |
||
| 650 | _aİngiliz edebiyatı, roman | ||
| 942 |
_2ddc _cBK |
||
| 999 |
_c3275 _d3275 |
||